Music Quiz

Random Music or Rap Quiz

Rappers By Birth Name Quiz Stats

Quiz Updated Mar 22, 2016

Also try: Opening Rap Lyrics
Challenge
Share
Tweet
Embed
Score 0/25 Timer 07:00
12 Plays Today
% Correct
2Pac
92.1%
Eminem
89.8%
Nicki Minaj
84.3%
Lil' Kim
82.5%
Diddy
79.9%
Drake
78.8%
Akon
74.6%
Tyler, The Creator
73.8%
50 Cent
70%
Hopsin
66.5%
Nas
64.2%
Eazy-E
63.3%
Lil Wayne
63.2%
% Correct
Jay-Z
62.8%
Dr. Dre
60.2%
Fat Joe
59.9%
Notorious B.I.G.
58.7%
D.M.C.
57.8%
Nate Dogg
57.5%
Kid Cudi
53.1%
Snoop Dogg
50.2%
LL Cool J
50.1%
Ice Cube
46.2%
Nelly
33.5%
T.I.
33.2%

You're not logged in!

Compare scores with friends on all Sporcle quizzes.
Join for Free
OR
Log In

You Might Also Like...

Show Comments

Extras

Top Quizzes Today


Score Distribution

Your Account Isn't Verified!

In order to create a playlist on Sporcle, you need to verify the email address you used during registration. Go to your Sporcle Settings to finish the process.

Report this User

Report this user for behavior that violates our Community Guidelines.

Details: